Countries with the most Orthodox Christians - Statistics

General Stats
  • This quiz has been taken 340 times
  • The average score is 12 of 16
Answer Stats
# Country % Correct
99.8 mil Russia
99%
34.8 mil Ukraine
94%
10 mil Greece
92%
18.8 mil Romania
91%
6.6 mil Serbia
89%
5.9 mil Belarus
87%
6.2 mil Bulgaria
87%
3.2 mil Armenia
77%
5.3 mil United States
75%
3.8 mil Georgia
74%
45 mil Ethiopia
73%
20 mil Egypt
72%
3.3 mil Moldova
70%
4.2 mil Kazakhstan
66%
3 mil Eritrea
48%
3.8 mil India
38%
No matching quizzes found
Score Distribution
Percent of People with Each Score
Percentile by Number Answered
Your Score History
You have not taken this quiz